|
|
|
|
| LEADER |
00000cam a2200000 7i4500 |
| 001 |
0000004546 |
| 005 |
20151222.0 |
| 008 |
070730 |
| 020 |
|
|
|a 1842364111
|
| 090 |
0 |
0 |
|a ENC
|b ENG (4257)
|
| 245 |
0 |
0 |
|a First A to Z encyclopedia :
|b Hares,Lizard
|
| 260 |
|
|
|a Miles Kelly Publishing
|
| 300 |
|
|
|a Volume 5
|
| 500 |
|
|
|a Children ages 7-9 years old (orange)
|
| 650 |
|
0 |
|a Encyclopedia
|
| 650 |
|
0 |
|a Junior fiction
|x English
|x Languages
|
| 999 |
|
|
|a 0000970764
|b Book
|c REFERENCE
|e Cawangan Urban Transformation Centre
|
| 999 |
|
|
|a 0000970793
|b Book
|c REFERENCE
|e Cawangan Urban Transformation Centre
|
| 999 |
|
|
|a 0001052173
|b Book
|c Children Collection
|e Cawangan Tangkak
|
| 999 |
|
|
|a 0001069937
|b Book
|c Children Collection
|e Cawangan Pontian
|
| 999 |
|
|
|a 0001069945
|b Book
|c REFERENCE
|e Cawangan Segamat
|
| 999 |
|
|
|a 0001069958
|b Book
|c Children Collection
|e Cawangan Segamat
|
| 999 |
|
|
|a 0001077204
|b Book
|c Children Collection
|e Cawangan Taman Universiti
|
| 999 |
|
|
|a 0001132359
|b Book
|c Children Collection
|e Cawangan Bukit Gambir
|
| 999 |
|
|
|a 0001132852
|b Book
|c Children Collection
|e Cawangan Taman Universiti
|
| 999 |
|
|
|a 0001132853
|b Book
|c REFERENCE
|e Cawangan Segamat
|
| 999 |
|
|
|a 0001132856
|b Book
|c REFERENCE
|e Cawangan Bandar Tenggara
|
| 999 |
|
|
|a 0001132857
|b Book
|c Children Collection
|e Cawangan Mersing
|
| 999 |
|
|
|a 0001132863
|b Book
|c Children Collection
|e Cawangan Pontian
|
| 999 |
|
|
|a 0001132865
|b Book
|c Children Collection
|e Cawangan Batu Pahat
|